000 00281nam a2200133Ia 4500
100 _aPoteet/G.H
942 _cBK
654 _aCarpentry
245 _aGuide To Basic Carpentry
260 _bParker Pub. Co.
_aNew York
_c1980
082 _a694
300 _a230
546 _aENGLISH
999 _c22091
_d22091